000 01343nam2a22003011 4500
001 RU\NLR\BIBL_A\022492706
005 20250806203550.0
035 _a(NLR Aleph) 022492706
090 _a85256
_c85256
100 _a20250310d1945 c y0rusy50 ca
101 1 _abel
_crus
102 _aRU
_aBY
105 _aa j 000yy
200 1 _aДля 4-га класа
_fН. С. Папова і А. С. Пчолка
205 _aВыд. 6-е з 6-га рус.
210 _d1945
215 _a108 с.
_cтабл.
461 0 _1001RU\NLR\BIBL_A\022492638
_12001#$aЗборнік арыфметычных задач і пактыкаванняў$eдля пачатковай школы$e[пераклад з рускага выд.]$fН. С. Папова$vЧ. 4
_1700#1$aПопова$bН. С.$cпедагог-математик$f1885-1975$gНаталья Сергеевна$3RU\NLR\AUTH\770198576
701 1 _aПчолка
_bА. С.
_f1890-1981
_gАляксандр Спірыдонавіч
790 1 _aПчёлко
_bА. С.
_f1890-1981
_gАлександр Спиридонович
_3RU\NLR\AUTH\770215769
852 _aNLR
_jМт10 Г-3/118
899 _aНБ Беларуси
942 _cBOOK
945 _aРоссийская национальная библиотека
980 _aBV
980 _aBEL